000 00342nam a2200145Ia 4500
008 240624s9999 xx 000 0 und d
041 _aeng
082 _a659 SOF
100 _aSOFAT RAJNI
245 _aBASIC ACCOUNTING
250 _a(2nd ed.)
260 _c2014
_aNew Delhi
_bPHI
300 _axiv, : 570 : p. : cm. ; 24
365 _cRS
_b33
999 _c24453
_d24453